000 01215nac a22003611i 4500
003 EG-ScBUE
005 20260318100354.0
008 260310s2005 enka f d 001 0 eng d
020 _a140531155X
020 _a9781405311557
040 _aEG-ScBUE
_beng
_erda
_cEG-ScBUE
_dEG-ScBUE
082 0 4 _a599.9
_bHUM
_222
245 0 0 _aHuman /
_ceditorial consultant Robert Winston.
250 _aSecond edition.
264 1 _aLondon :
_bDorling Kindersley Limited,
_c2005.
300 _a512 pages. :
_bcolor illustrations ;
_c31 cm
336 _2rdacontent
_atext
_btxt
337 _aunmediated
_2rdamedia
_bn
338 _avolume
_bnc
_2rdacarrier
500 _aIncludes index.
500 _aIncludes glossary.
500 _aAt head of title: Smithsonian Institution.
505 0 _aIntroduction -- Origins -- Body -- Mind -- Life cycle -- Society -- Culture -- Peoples -- Future.
650 7 _aHuman evolution.
_2BUEsh
650 7 _aSocial evolution.
_2BUEsh
650 7 _aHuman beings
_xHistory.
_2BUEsh
650 7 _aHuman behavior.
_2BUEsh
650 7 _aCulture.
_2BUEsh
650 7 _aManners and customs.
_2BUEsh
655 _vReading book
700 1 _aWinston, Robert M. L.,
_eeditor.
942 _cNB
_2ddc
999 _c2753
_d2753